Loading...

An analysis of saving and investment behaviour of urban households in kerala

Bibliographic Details
Main Author: Anila, c
Format: Ph.D Thesis
Published: St.Thomas College, Thrissur 2021
LEADER 00326 a2200085 4500
100 |a Anila, c 
245 |a An analysis of saving and investment behaviour of urban households in kerala  
260 |b St.Thomas College, Thrissur  |c 2021 
999 |c 363376  |d 363376 
952 |0 0  |1 0  |4 0  |7 0  |9 423123  |a UL  |b UL  |c PROC  |d 2021-11-10  |l 0  |p NB7682  |r 2021-11-10  |w 2021-11-10  |y TH